What Years Were These Books Written? - Statistics

General Stats
  • This quiz has been taken 244 times
  • The average score is 7 of 20
Answer Stats
Book Author Year % Correct
Fifty Shades of Grey E.L. James 2011
80%
1984 George Orwell 1949
68%
To Kill a Mockingbird Harper Lee 1960
67%
The Hunger Games Suzanne Collins 2008
67%
The Great Gatsby F. Scott Fitzgerald 1925
53%
The Crucible Arthur Miller 1953
41%
The Da Vinci Code Dan Brown 2003
41%
The Hobbit J.R.R. Tolkien 1937
37%
The Catcher in the Rye J.D. Salinger 1951
27%
Les Misérables Victor Hugo 1862
25%
The Wizard of Oz L. Frank Baum 1900
25%
Lord of the Flies William Golding 1954
24%
Uncle Tom's Cabin Harriet Beecher Stowe 1852
23%
Frankenstein Mary Shelley 1818
21%
Dracula Bram Stoker 1897
20%
Great Expectations Charles Dickens 1861
16%
Charlotte's Web E.B. White 1952
16%
Jane Eyre Charlotte Brontë 1847
13%
Treasure Island Robert Stevenson 1883
10%
Moby-Dick Herman Melville 1851
8%
No matching quizzes found
Score Distribution
Percent of People with Each Score
Percentile by Number Answered
Your Score History
You have not taken this quiz